000 00421nam a2200145Ia 4500
008 220217s9999||||xx |||||||||||||| ||und||
020 _a81-203-2103-0
082 _a004.22 STA
100 _aStallings, William
245 0 _aComputer organization and architecture: designing for perfor
250 _a6th
260 _aPrentice hall of india
_bNew Delhi
_c2003
300 _b250
650 _aCOMPUTER ARCHITECTURE
999 _c171496
_d171496